[Event "Wolfsburg op-A"]
[Site "Wolfsburg"]
[Date "2024.11.17"]
[Round "5"]
[White "Nguyen, Phuc Nhat"]
[Black "Meiwes, Thore"]
[Result "1-0"]
[WhiteElo "2007"]
[BlackElo "2112"]
[PlyCount "63"]
[EventDate "2024.11.15"]
[EventType "swiss"]
[EventRounds "5"]
[EventCountry "GER"]
[SourceTitle "CB49_2024"]
[SourceDate "2024.12.04"]
[SourceVersion "1"]
[SourceVersionDate "2024.12.04"]
[SourceQuality "1"]

1. e4 c6 2. d4 d5 3. e5 Bf5 4. g4 Be4 5. f3 Bg6 6. h4 h5 7. e6 fxe6 8. Bd3 Bxd3 9. Qxd3 Qd6 10. Ne2 Nd7 11. Bf4 e5 12. dxe5 Nxe5 13. Qc3 d4 14. Qb3 e6 15. Nd2 d3 16. Bxe5 Qxe5 17. Qxd3 Rd8 18. Qg6+ Kd7 19. 0-0-0 Kc7 20. Nc4 Qf6 21. Qe4 hxg4 22. Nf4 e5 23. Rxd8 Kxd8 24. Nxe5 Bd6 25. Rd1 Kc7 26. Neg6 Rh6 27. Ne6+ Kd7 28. Ngf8+ Ke7 29. Rxd6 Qxf3 30. Rd7+ Kf6 31. Qd4+ Kf5 32. Nxg7# 1-0

[Event "GER-ch U25 op-A"]
[Site "Willingen"]
[Date "2024.05.24"]
[Round "8"]
[White "Nguyen, Phuc Nhat"]
[Black "Ruddat, Jarne"]
[Result "0-1"]
[WhiteElo "1893"]
[BlackElo "1854"]
[PlyCount "52"]
[EventDate "2024.05.19"]
[EventType "swiss"]
[EventRounds "9"]
[EventCountry "GER"]
[SourceTitle "EXT 2025"]
[Source "ChessBase"]
[SourceDate "2024.10.14"]
[SourceVersion "1"]
[SourceVersionDate "2024.10.14"]
[SourceQuality "1"]

1. e4 c5 2. Nf3 Nc6 3. d4 cxd4 4. Nxd4 g6 5. c4 Bg7 6. Be3 Nf6 7. Nc3 0-0 8. Be2 d6 9. 0-0 Nxd4 10. Bxd4 Bd7 11. Qd2 Bc6 12. f3 a5 13. b3 Nd7 14. Be3 Nc5 15. Rab1 Qb6 16. Rfc1 Rfc8 17. Nb5 Qd8 18. Nd4 h5 19. Bf1 Kh7 20. g3 Bd7 21. Bg2 Bc6 22. Rd1 Qf8 23. Qc2 Ne6 24. Nxe6 fxe6 25. Bh3 Qxf3 26. Re1 Bxe4 0-1

[Event "GER-ch U25 op-A"]
[Site "Willingen"]
[Date "2024.05.22"]
[Round "5"]
[White "Kamp, Aaron"]
[Black "Nguyen, Phuc Nhat"]
[Result "1-0"]
[WhiteElo "1996"]
[BlackElo "1893"]
[PlyCount "109"]
[EventDate "2024.05.19"]
[EventType "swiss"]
[EventRounds "9"]
[EventCountry "GER"]
[SourceTitle "EXT 2025"]
[Source "ChessBase"]
[SourceDate "2024.10.14"]
[SourceVersion "1"]
[SourceVersionDate "2024.10.14"]
[SourceQuality "1"]

1. e4 e5 2. d4 Nc6 3. Nf3 exd4 4. Bc4 Nf6 5. e5 d5 6. Bb5 Ne4 7. Nxd4 Bd7 8. Bxc6 bxc6 9. 0-0 Bc5 10. f3 Ng5 11. Be3 Bb6 12. f4 Ne4 13. Nd2 Nxd2 14. Qxd2 c5 15. Nf3 d4 16. Bf2 Bc6 17. Bh4 Qd7 18. Rad1 Qf5 19. e6 Bxf3 20. exf7+ Kxf7 21. Rxf3 Rae8 22. Bf2 Rhf8 23. c3 Kg8 24. a4 Re4 25. cxd4 cxd4 26. b4 a5 27. bxa5 Bxa5 28. Qa2+ Qf7 29. Qxf7+ Kxf7 30. Rxd4 Rxd4 31. Bxd4 Rd8 32. Bc3 Bxc3 33. Rxc3 Rd4 34. Rxc7+ Kf6 35. a5 Rxf4 36. a6 Ra4 37. a7 Ra2 38. Kf1 h5 39. Ke1 g5 40. Kd1 h4 41. Kc1 Kf5 42. Kb1 Ra6 43. Kb2 Kf4 44. Kb3 Ke3 45. Rf7 g4 46. Kb4 Ra2 47. Kb5 Rb2+ 48. Kc6 Rc2+ 49. Kb7 Rb2+ 50. Kc7 Ra2 51. Kb8 Rb2+ 52. Rb7 Rxb7+ 53. Kxb7 Kf2 54. g3 hxg3 55. hxg3 1-0

[Event "Oberliga Nord O 2324"]
[Site "Germany"]
[Date "2023.11.19"]
[Round "2.8"]
[White "Waschk, Armin"]
[Black "Nguyen, Phuc Nhat"]
[Result "1-0"]
[WhiteElo "2114"]
[BlackElo "1862"]
[PlyCount "79"]
[EventDate "2023.10.22"]
[EventType "team-tourn"]
[EventRounds "9"]
[EventCountry "GER"]
[SourceTitle "EXT 2025"]
[Source "ChessBase"]
[SourceDate "2024.10.14"]
[SourceVersion "1"]
[SourceVersionDate "2024.10.14"]
[SourceQuality "1"]
[WhiteTeam "Guestrow/Teterow"]
[BlackTeam "Oberschoeneweide"]
[WhiteTeamCountry "GER"]
[BlackTeamCountry "GER"]

1. e4 e5 2. d4 Nc6 3. d5 Nce7 4. c4 Ng6 5. Nc3 Bc5 6. Nf3 Nf6 7. Be2 a6 8. 0-0 d6 9. a3 Bg4 10. Rb1 Qe7 11. b4 Ba7 12. Qd3 Nh5 13. g3 Bh3 14. Re1 Nf6 15. Nd1 h6 16. Be3 Bxe3 17. Nxe3 Nh7 18. c5 Ng5 19. Nd2 Qf6 20. Nf5 Bxf5 21. exf5 Nh3+ 22. Kf1 Ne7 23. Bg4 Ng5 24. f4 h5 25. fxg5 Qxg5 26. Bh3 Rd8 27. Ne4 Qh6 28. cxd6 cxd6 29. Kg1 g5 30. f6 Ng6 31. Bf5 h4 32. Bxg6 hxg3 33. Bxf7+ Kxf7 34. Qxg3 Rhg8 35. Qg4 Kg6 36. Rf1 Rh8 37. Rb2 Qh4 38. Qf5+ Kh6 39. f7 g4 40. Rg2 1-0

[Event "GER-ch U25-A"]
[Site "Willingen"]
[Date "2023.06.03"]
[Round "9"]
[White "Nguyen, Phuc Nhat"]
[Black "Kieselbach, Jannik"]
[Result "1-0"]
[WhiteElo "1929"]
[BlackElo "1765"]
[PlyCount "65"]
[EventDate "2023.05.27"]
[EventType "swiss"]
[EventRounds "9"]
[EventCountry "GER"]
[SourceTitle "CBM 214 Extra"]
[Source "ChessBase"]
[SourceDate "2023.07.31"]
[SourceVersion "1"]
[SourceVersionDate "2023.07.31"]
[SourceQuality "1"]

1. e4 c5 2. Nf3 d6 3. d4 cxd4 4. Nxd4 Nf6 5. Nc3 a6 6. Rg1 b5 7. a3 Bb7 8. Bd3 e6 9. g4 Nc6 10. Nxc6 Bxc6 11. g5 Nd7 12. f4 Nc5 13. Be3 d5 14. exd5 Bxd5 15. Be2 Bb7 16. Qxd8+ Rxd8 17. Kf2 Ne4+ 18. Nxe4 Bxe4 19. c4 bxc4 20. Bxc4 Bd3 21. Bxd3 Rxd3 22. Rac1 Be7 23. Rc8+ Bd8 24. Ra8 a5 25. Ke2 Rd5 26. Rd1 Rxd1 27. Kxd1 h6 28. Bb6 Kd7 29. Bxa5 hxg5 30. Rxd8+ Rxd8 31. Bxd8 Kxd8 32. fxg5 g6 33. b4 1-0

[Event "GER-ch U25-A"]
[Site "Willingen"]
[Date "2023.06.01"]
[Round "7"]
[White "Nguyen, Phuc Nhat"]
[Black "Tulchynsky, David"]
[Result "1-0"]
[WhiteElo "1929"]
[BlackElo "1660"]
[PlyCount "129"]
[EventDate "2023.05.27"]
[EventType "swiss"]
[EventRounds "9"]
[EventCountry "GER"]
[SourceTitle "CBM 214 Extra"]
[Source "ChessBase"]
[SourceDate "2023.07.31"]
[SourceVersion "1"]
[SourceVersionDate "2023.07.31"]
[SourceQuality "1"]

1. e4 e5 2. Nf3 Nc6 3. Bc4 Nf6 4. d3 d5 5. exd5 Nxd5 6. 0-0 Be7 7. Nc3 Be6 8. Bb5 Nxc3 9. Bxc6+ bxc6 10. bxc3 Bd6 11. Re1 Qf6 12. Ng5 0-0 13. Nxe6 Qxe6 14. Qe2 Rae8 15. Be3 a5 16. c4 f5 17. Bd2 e4 18. dxe4 fxe4 19. Be3 Qf5 20. c5 Bf4 21. Bxf4 Qxf4 22. Qc4+ Kh8 23. Re2 Rf5 24. Rae1 Rfe5 25. Qc3 Qf5 26. Qxa5 Rxc5 27. Rxe4 Rf8 28. Qd2 h6 29. h3 Qd5 30. Qe2 Qxa2 31. c4 Qxe2 32. R1xe2 Kh7 33. Rd2 Rb8 34. Rd7 Rb4 35. Rg4 Rg5 36. Rxg5 hxg5 37. Rd4 Kg6 38. f3 c5 39. Re4 Kf5 40. Kf2 Rb2+ 41. Kg3 Rc2 42. Rg4 Kf6 43. h4 gxh4+ 44. Kxh4 g6 45. Rf4+ Ke5 46. Re4+ Kf6 47. Rf4+ Ke5 48. Re4+ Kf6 49. g3 Rd2 50. Rf4+ Kg7 51. Kg5 Rd4 52. Rf6 Rxc4 53. Rxg6+ Kf7 54. Rc6 Rc3 55. Rxc7+ Ke6 56. Kg4 c4 57. f4 Kf6 58. Rc5 Rc1 59. Rc6+ Kf7 60. Kf5 c3 61. g4 c2 62. Rc7+ Kf8 63. g5 Kg8 64. Kg6 Kf8 65. f5 1-0

[Event "Oberliga Nord O 2223"]
[Site "Germany"]
[Date "2022.12.11"]
[Round "3.8"]
[White "Silz, Elisa"]
[Black "Nguyen, Phuc Nhat"]
[Result "0-1"]
[WhiteElo "1963"]
[BlackElo "1953"]
[PlyCount "82"]
[EventDate "2022.10.23"]
[EventType "team-tourn"]
[EventRounds "9"]
[EventCountry "GER"]
[SourceTitle "EXT 2025"]
[Source "ChessBase"]
[SourceDate "2024.10.14"]
[SourceVersion "1"]
[SourceVersionDate "2024.10.14"]
[SourceQuality "1"]
[WhiteTeam "Berlin Empor"]
[BlackTeam "Oberschoeneweide"]
[WhiteTeamCountry "GER"]
[BlackTeamCountry "GER"]

1. d4 d5 2. c4 c6 3. Nf3 e6 4. e3 Bd6 5. Bd3 f5 6. 0-0 Nf6 7. b3 Qe7 8. a4 0-0 9. Ba3 Bd7 10. Bxd6 Qxd6 11. c5 Qe7 12. Nc3 Be8 13. Ne5 Bh5 14. f3 Nbd7 15. Nxd7 Qxd7 16. Qc2 g5 17. Ne2 Kh8 18. Kh1 Rg8 19. Rae1 Bg6 20. b4 h5 21. b5 h4 22. Rb1 Qh7 23. Rb3 g4 24. f4 g3 25. h3 Ng4 26. Qd2 Nf2+ 27. Kg1 Bh5 28. bxc6 bxc6 29. Rfb1 Bg4 30. hxg4 Nxg4 31. Rb7 Qh6 32. R1b2 h3 33. Nxg3 Nf6 34. Nxf5 exf5 35. Qe1 Rxg2+ 36. Rxg2 hxg2 37. Kxg2 Rg8+ 38. Kf1 Qh1+ 39. Ke2 Rg2+ 40. Kd1 Rg1 41. Rb8+ Kg7 0-1

[Event "GER-ch Youth-A"]
[Site "Willingen"]
[Date "2022.06.08"]
[Round "6"]
[White "Bartelt, Max Peter"]
[Black "Nguyen, Phuc Nhat"]
[Result "0-1"]
[WhiteElo "1959"]
[BlackElo "1839"]
[PlyCount "70"]
[EventDate "2022.06.04"]
[EventType "swiss"]
[EventRounds "9"]
[EventCountry "GER"]
[SourceTitle "CBM 208 Extra"]
[Source "ChessBase"]
[SourceDate "2022.07.31"]
[SourceVersion "1"]
[SourceVersionDate "2022.07.31"]
[SourceQuality "1"]

1. d4 Nf6 2. Bg5 d5 3. Bxf6 gxf6 4. Nc3 e6 5. e3 c5 6. Qh5 cxd4 7. exd4 Nc6 8. 0-0-0 Bb4 9. Nge2 Bd7 10. f4 f5 11. g4 fxg4 12. f5 Rg8 13. h4 Qa5 14. Bg2 0-0-0 15. a3 Bxc3 16. Nxc3 Ne7 17. fxe6 Bxe6 18. Rhf1 Ng6 19. Qg5 h5 20. Rf6 Qc7 21. Nxd5 Bxd5 22. Bxd5 Ne7 23. Bxb7+ Qxb7 24. Qc5+ Qc7 25. Qb5 g3 26. Rf3 Nd5 27. Rb3 Rd7 28. Qa6+ Kd8 29. Rb5 Rg6 30. Qa4 g2 31. Rc5 g1Q 32. Rxc7 Qe3+ 33. Kb1 Rxc7 34. Qb5 Nc3+ 35. bxc3 Rb6 0-1

[Event "GER-ch Youth-A"]
[Site "Willingen"]
[Date "2022.06.07"]
[Round "4"]
[White "Poggemann, Alexander"]
[Black "Nguyen, Phuc Nhat"]
[Result "0-1"]
[WhiteElo "1829"]
[BlackElo "1839"]
[PlyCount "80"]
[EventDate "2022.06.04"]
[EventType "swiss"]
[EventRounds "9"]
[EventCountry "GER"]
[SourceTitle "CBM 208 Extra"]
[Source "ChessBase"]
[SourceDate "2022.07.31"]
[SourceVersion "1"]
[SourceVersionDate "2022.07.31"]
[SourceQuality "1"]

1. e4 e5 2. Nf3 Nc6 3. Bc4 Bc5 4. c3 Nf6 5. d4 exd4 6. e5 d5 7. Be2 Ne4 8. cxd4 Bb6 9. 0-0 0-0 10. Nc3 f5 11. exf6 Nxf6 12. Bg5 Ne7 13. Rc1 c6 14. Na4 Bc7 15. Nc5 Ng6 16. Bd3 Nf4 17. Ne5 Nxd3 18. Qxd3 Qd6 19. f4 a5 20. Rf3 b6 21. Nb3 c5 22. Nd2 c4 23. Qc2 b5 24. b3 Bb6 25. Qb2 Bf5 26. Rff1 Ne4 27. Nxe4 dxe4 28. Rcd1 Rfc8 29. bxc4 bxc4 30. Be7 Qxe7 31. Qxb6 Qb4 32. Qxb4 axb4 33. g4 e3 34. Rde1 Bd3 35. Nxd3 cxd3 36. Rxe3 d2 37. Rd3 Rxa2 38. Rd1 Rc1 39. R3xd2 Rxd2 40. Rxc1 b3 0-1

[Event "GER-ch Youth-A"]
[Site "Willingen"]
[Date "2022.06.05"]
[Round "2"]
[White "Brockmeyer, Tobias"]
[Black "Nguyen, Phuc Nhat"]
[Result "1-0"]
[WhiteElo "1936"]
[BlackElo "1839"]
[PlyCount "145"]
[EventDate "2022.06.04"]
[EventType "swiss"]
[EventRounds "9"]
[EventCountry "GER"]
[SourceTitle "CBM 208 Extra"]
[Source "ChessBase"]
[SourceDate "2022.07.31"]
[SourceVersion "1"]
[SourceVersionDate "2022.07.31"]
[SourceQuality "1"]

1. Nf3 d5 2. g3 Nf6 3. Bg2 Bg4 4. c4 c6 5. d4 e6 6. Qb3 Qb6 7. c5 Qxb3 8. axb3 h6 9. Nc3 Nbd7 10. b4 a6 11. b5 cxb5 12. Nxb5 Rc8 13. Nc3 Be7 14. 0-0 0-0 15. Bf4 g5 16. Bd2 Bf5 17. h4 g4 18. Nh2 Kh7 19. Rfc1 b6 20. b4 a5 21. bxa5 bxc5 22. e3 Rb8 23. Nf1 Rfc8 24. Ra4 Bd3 25. Rca1 Rb2 26. R4a2 Rbb8 27. Na4 c4 28. Bc3 Ne8 29. Nd2 Nd6 30. Bf1 Bf5 31. Rb2 Nb5 32. Rba2 Nxc3 33. Nxc3 Bb4 34. Ndb1 Ra8 35. Be2 Rcb8 36. Kg2 Kg7 37. Bd1 Bxb1 38. Nxb1 Rxa5 39. Rxa5 Bxa5 40. Bxg4 Nf6 41. Bf3 Rb2 42. Rxa5 Rxb1 43. Ra7 h5 44. Rc7 Rc1 45. Kh2 c3 46. Kg2 c2 47. Be2 Ne8 48. Rc3 Nd6 49. Bd3 f5 50. Rxc2 Rxc2 51. Bxc2 Kf6 52. Bd3 Ne8 53. Kf3 e5 54. Ke2 e4 55. Bb5 Ng7 56. Kd2 Ke7 57. Kc3 Kd6 58. Be2 Kc6 59. Kb4 Kb6 60. Bd1 Kc6 61. Ka5 f4 62. gxf4 Nf5 63. Bxh5 Nxh4 64. Kb4 Kd6 65. Bg4 Ng2 66. Kc3 Ke7 67. Kd2 Nh4 68. Ke2 Kf6 69. f3 Ng6 70. fxe4 dxe4 71. d5 Ne7 72. d6 Nc6 73. Kd2 1-0

[Event "GER-ch Net blitz qual4"]
[Site "Playchess.com INT"]
[Date "2021.05.10"]
[Round "1"]
[White "Volkmer, Andreas"]
[Black "Nguyen, Phuc Nhat"]
[Result "1-0"]
[WhiteElo "2033"]
[BlackElo "1659"]
[PlyCount "51"]
[EventDate "2021.05.10"]
[EventType "swiss (blitz)"]
[EventRounds "11"]
[EventCountry "GER"]
[SourceTitle "CBM 202 Extra"]
[Source "ChessBase"]
[SourceDate "2021.07.31"]
[SourceVersion "1"]
[SourceVersionDate "2021.07.31"]
[SourceQuality "1"]

1. Nc3 Nf6 2. e4 e5 3. Nf3 Nc6 4. Bb5 Bc5 5. 0-0 0-0 6. d3 d6 7. h3 Nd4 8. Nxd4 Bxd4 9. Ne2 Bb6 10. a4 c6 11. Bc4 h6 12. Bb3 Be6 13. c3 Qd7 14. Ng3 Bxh3 15. a5 Bg4 16. Qe1 Bc7 17. Be3 Nh5 18. f3 Nxg3 19. Qxg3 Be6 20. Bxh6 Bg4 21. fxg4 gxh6 22. g5 Kh7 23. Rf6 h5 24. Raf1 Qe7 25. Qh4 Qxf6 26. Rxf6 1-0

[Event "GER-ch Net blitz qual2"]
[Site "Playchess.com INT"]
[Date "2021.05.04"]
[Round "7"]
[White "Boettner, Juergen"]
[Black "Nguyen, Phuc Nhat"]
[Result "0-1"]
[WhiteElo "1482"]
[BlackElo "1688"]
[PlyCount "112"]
[EventDate "2021.05.04"]
[EventType "swiss (blitz)"]
[EventRounds "11"]
[EventCountry "GER"]
[SourceTitle "CBM 202 Extra"]
[Source "ChessBase"]
[SourceDate "2021.07.31"]
[SourceVersion "1"]
[SourceVersionDate "2021.07.31"]
[SourceQuality "1"]

1. d4 Nf6 2. Nc3 d5 3. e4 dxe4 4. f3 exf3 5. Nxf3 Bg4 6. Bc4 e6 7. Be3 Nbd7 8. 0-0 c5 9. Bd3 cxd4 10. Bxd4 Bc5 11. Bxc5 Nxc5 12. Bb5+ Kf8 13. Qe1 Bxf3 14. Rxf3 Qb6 15. Kh1 Nce4 16. Nxe4 Nxe4 17. Qxe4 Qxb5 18. Qxe6 f6 19. Qd6+ Kf7 20. Rb3 Rhd8 21. Qc7+ Qd7 22. Qc4+ Kf8 23. Qb4+ Kg8 24. Qc4+ Kh8 25. Rd3 Qe7 26. Rxd8+ Rxd8 27. Rg1 a6 28. h3 h6 29. Qc3 Qf7 30. Qb4 Rd7 31. a3 Rc7 32. c3 Re7 33. Qf4 Re2 34. Qb8+ Kh7 35. Qf4 Rxb2 36. Qf5+ g6 37. Qf3 Rb3 38. a4 b5 39. axb5 axb5 40. Rf1 h5 41. h4 b4 42. Rc1 Qc7 43. Qxf6 Rxc3 44. Rxc3 bxc3 45. g4 hxg4 46. h5 gxh5 47. Qf5+ Kh6 48. Qf6+ Kh7 49. Qf5+ Kg7 50. Qxh5 Qc6+ 51. Kg1 Qb6+ 52. Kg2 Qc6+ 53. Kg3 Qf3+ 54. Kh4 Qh3+ 55. Kg5 Qxh5+ 56. Kxh5 g3 0-1

[Event "GER-ch Net blitz qual2"]
[Site "Playchess.com INT"]
[Date "2021.05.04"]
[Round "5"]
[White "Halt, David"]
[Black "Nguyen, Phuc Nhat"]
[Result "1-0"]
[WhiteElo "1845"]
[BlackElo "1688"]
[PlyCount "35"]
[EventDate "2021.05.04"]
[EventType "swiss (blitz)"]
[EventRounds "11"]
[EventCountry "GER"]
[SourceTitle "CBM 202 Extra"]
[Source "ChessBase"]
[SourceDate "2021.07.31"]
[SourceVersion "1"]
[SourceVersionDate "2021.07.31"]
[SourceQuality "1"]

1. e4 e5 2. Nf3 Nc6 3. Bb5 a6 4. Bxc6 dxc6 5. 0-0 Bg4 6. h3 h5 7. d3 Qf6 8. Nbd2 Ne7 9. Re1 Qg6 10. hxg4 hxg4 11. Nh2 g3 12. fxg3 Qxg3 13. Ndf1 Qg6 14. Qf3 f5 15. Bd2 0-0-0 16. Bc3 Qf6 17. exf5 Nxf5 18. Rxe5 1-0

[Event "GER-ch Net blitz qual1"]
[Site "Playchess.com INT"]
[Date "2021.04.24"]
[Round "4"]
[White "Diehl, Mirko"]
[Black "Nguyen, Phuc Nhat"]
[Result "1/2-1/2"]
[WhiteElo "1847"]
[BlackElo "1592"]
[PlyCount "106"]
[EventDate "2021.04.24"]
[EventType "swiss (blitz)"]
[EventRounds "11"]
[EventCountry "GER"]
[SourceTitle "CBM 202 Extra"]
[Source "ChessBase"]
[SourceDate "2021.07.31"]
[SourceVersion "1"]
[SourceVersionDate "2021.07.31"]
[SourceQuality "1"]

1. d4 f5 2. Bf4 Nf6 3. e3 d6 4. Nf3 g6 5. Nbd2 Bg7 6. Bc4 e6 7. c3 0-0 8. Qb3 d5 9. Be2 c6 10. Ne5 Nbd7 11. Ndf3 Qb6 12. Qc2 Ne4 13. h4 Ndf6 14. Nd2 Nxd2 15. Qxd2 c5 16. Rb1 Bd7 17. h5 Be8 18. hxg6 Bxg6 19. Bd3 Ne4 20. Bxe4 Bxe5 21. Bxe5 fxe4 22. Qe2 cxd4 23. exd4 Kf7 24. 0-0 Ke8 25. Qg4 Rf7 26. b3 Kd7 27. c4 e3 28. Rbc1 exf2+ 29. Rxf2 Rxf2 30. Kxf2 Rf8+ 31. Kg1 dxc4 32. Rxc4 Rc8 33. Rxc8 Kxc8 34. Qg5 Qd8 35. Qh6 Kd7 36. Qg7+ Qe7 37. Qxe7+ Kxe7 38. Bb8 a6 39. Ba7 Kd7 40. a3 Kc6 41. Kf2 b6 42. Bb8 b5 43. Be5 Kd5 44. Ke3 Bf5 45. Kd2 Ke4 46. Kc3 Ke3 47. Kb4 Bc2 48. Kc3 Bf5 49. g3 h5 50. Kb4 Bc2 51. Kc3 Bf5 52. Kb4 Bc2 53. Kc3 Bf5 1/2-1/2

[Event "GER-ch Net blitz qual1"]
[Site "Playchess.com INT"]
[Date "2021.04.24"]
[Round "9"]
[White "Nguyen, Phuc Nhat"]
[Black "Dettmer, Niels"]
[Result "1-0"]
[WhiteElo "1592"]
[BlackElo "1517"]
[PlyCount "149"]
[EventDate "2021.04.24"]
[EventType "swiss (blitz)"]
[EventRounds "11"]
[EventCountry "GER"]
[SourceTitle "CBM 202 Extra"]
[Source "ChessBase"]
[SourceDate "2021.07.31"]
[SourceVersion "1"]
[SourceVersionDate "2021.07.31"]
[SourceQuality "1"]

1. e4 d6 2. Nf3 Nf6 3. Nc3 Nbd7 4. d4 e5 5. dxe5 dxe5 6. Bg5 c6 7. a4 Be7 8. Bc4 Qc7 9. Qd2 h6 10. Bh4 g5 11. Bg3 Nh5 12. Rd1 Nf4 13. Kf1 h5 14. h4 g4 15. Ng5 Bxg5 16. hxg5 Nc5 17. b4 Nce6 18. Bxe6 Bxe6 19. b5 Rd8 20. Qxd8+ Qxd8 21. Rxd8+ Kxd8 22. Bxf4 exf4 23. Ne2 f3 24. gxf3 gxf3 25. Nf4 Bg4 26. Nd3 cxb5 27. axb5 Rg8 28. Ne5 Ke7 29. Nxg4 hxg4 30. Rh5 Rg6 31. Ke1 Re6 32. Kd2 Rxe4 33. Kd3 Re2 34. Rh4 Rxf2 35. Rxg4 Rg2 36. Rf4 f2 37. c4 Rxg5 38. Rxf2 a6 39. bxa6 bxa6 40. Ra2 a5 41. Rf2 f5 42. Kd4 Kd6 43. c5+ Kc6 44. Ke5 f4+ 45. Kxf4 Rxc5 46. Rh2 Kb5 47. Ke3 Kb4 48. Rh4+ Kb3 49. Kd2 Kb2 50. Ra4 Rb5 51. Kd1 Kb3 52. Rh4 a4 53. Kc1 a3 54. Kb1 Rc5 55. Rh3+ Kb4 56. Rh8 Rb5 57. Rh4+ Kc3+ 58. Ka2 Rb2+ 59. Kxa3 Rg2 60. Rh3+ Kd4 61. Rh4+ Ke5 62. Kb4 Kd5 63. Rh5+ Ke4 64. Rh8 Kf5 65. Rf8+ Ke6 66. Re8+ Kd7 67. Re1 Rg4+ 68. Kc3 Rg3+ 69. Kd2 Kc6 70. Re3 Rg2+ 71. Re2 Rg8 72. Re3 Kd5 73. Rd3+ Kc4 74. Rh3 Rg3 75. Rxg3 1-0

[Event "GER-ch Net blitz qual1"]
[Site "Playchess.com INT"]
[Date "2021.04.24"]
[Round "5"]
[White "Reindl, Jork"]
[Black "Nguyen, Phuc Nhat"]
[Result "1-0"]
[WhiteElo "1574"]
[BlackElo "1592"]
[PlyCount "129"]
[EventDate "2021.04.24"]
[EventType "swiss (blitz)"]
[EventRounds "11"]
[EventCountry "GER"]
[SourceTitle "CBM 202 Extra"]
[Source "ChessBase"]
[SourceDate "2021.07.31"]
[SourceVersion "1"]
[SourceVersionDate "2021.07.31"]
[SourceQuality "1"]

1. e4 e5 2. Nf3 Nc6 3. Bb5 a6 4. Ba4 Nf6 5. d3 b5 6. Bb3 Bc5 7. c3 d6 8. 0-0 h6 9. Nbd2 Be6 10. Bc2 Bg4 11. h3 Bd7 12. Re1 Qc8 13. Nh2 g5 14. Kh1 g4 15. h4 Bxf2 16. Rf1 g3 17. Qf3 Ng4 18. Nxg4 Bxg4 19. Qf6 Rh7 20. Nb3 Be2 21. Bxh6 Bxf1 22. Rxf1 Qg4 23. Bg5 Kd7 24. Bd1 Qe6 25. Qxe6+ Kxe6 26. Bg4+ f5 27. Bxf5+ Kf7 28. Bxh7 Ne7 29. Bf5 Rh8 30. Bh3 Ng6 31. Be3 Nxh4 32. Bxf2 gxf2 33. Rxf2+ Ke7 34. Nd2 Ng6 35. Kh2 Nf4 36. Rxf4 exf4 37. Nf3 Kf6 38. Kg1 c6 39. Kf2 d5 40. exd5 cxd5 41. d4 a5 42. Ne5 b4 43. Bd7 Rb8 44. cxb4 Rxb4 45. b3 Rxd4 46. Ng4+ Ke7 47. Ba4 Rd2+ 48. Kf3 Rxa2 49. Kxf4 Rxg2 50. Ne3 Rf2+ 51. Kg3 Rd2 52. Kf3 Rd3 53. Ke2 Rc3 54. Nxd5+ Kd6 55. Nxc3 Kc5 56. Kd3 Kb4 57. Nd5+ Kc5 58. Ne3 Kb4 59. Kd4 Ka3 60. Kc5 Kb2 61. Kb5 Kc3 62. Kxa5 Kd4 63. b4 Kxe3 64. b5 Kd4 65. b6 1-0